| 000 | 00978nam a22002297a 4500 | ||
|---|---|---|---|
| 003 | BD-DhUL | ||
| 005 | 20190527121339.0 | ||
| 008 | 180918s2009 bg ||||| b||| 00| 0 eng | ||
| 020 | _a9848708521 | ||
| 040 |
_aBD-DhUL _cBD-DhUL |
||
| 082 |
_a891.442009 _bBAS |
||
| 100 | 1 | _aবালা, অমৃতলাল | |
| 245 | 1 | 0 |
_aশচীন্দ্রনাথ সেনগুপ্তের সিরাজদ্দৌলা / _cঅমৃতলাল বালা, উষা রানী সরকার |
| 260 |
_aঢাকা : _bসাহিত্য বিলাস, _c২০০৯ |
||
| 300 |
_a২৩২ পৃ. ; _c২২ সেমি |
||
| 365 |
_aBDT _b250 |
||
| 504 | _aগ্রন্থপঞ্জিগত তথ্য সংবলিত | ||
| 650 | 0 |
_aবাংলা নাটক _xসমালোচনা |
|
| 650 | 0 |
_aBengali drama _xCriticism |
|
| 700 | 1 |
_aসরকার, উষা রানী _eযুগ্ম লেখক |
|
| 942 |
_2ddc _cBK |
||
| 999 |
_c243515 _d243515 |
||